<?xml version="1.0" encoding="UTF-8"?>
<record
    xmlns:xsi="http://www.w3.org/2001/XMLSchema-instance"
    xsi:schemaLocation="http://www.loc.gov/MARC21/slim http://www.loc.gov/standards/marcxml/schema/MARC21slim.xsd"
    xmlns="http://www.loc.gov/MARC21/slim">

  <leader>01119nam a2200241 a 4500</leader>
  <controlfield tag="001">71292</controlfield>
  <controlfield tag="003">BD-RjUL</controlfield>
  <controlfield tag="005">20211209082110.0</controlfield>
  <controlfield tag="008">170430s2007    bg ||||| |||| 001 0 ben d</controlfield>
  <datafield tag="020" ind1=" " ind2=" ">
    <subfield code="a">9840746138 :</subfield>
    <subfield code="c">: TK. 150.00</subfield>
  </datafield>
  <datafield tag="035" ind1=" " ind2=" ">
    <subfield code="a">(BD-RjUL)71508</subfield>
  </datafield>
  <datafield tag="040" ind1=" " ind2=" ">
    <subfield code="a">BD-RjUL</subfield>
    <subfield code="b">ben</subfield>
    <subfield code="c">BD-RjUL</subfield>
    <subfield code="d">BD-RjUL</subfield>
  </datafield>
  <datafield tag="041" ind1=" " ind2=" ">
    <subfield code="a">ben</subfield>
  </datafield>
  <datafield tag="082" ind1=" " ind2=" ">
    <subfield code="2">23</subfield>
    <subfield code="a">891.44109</subfield>
    <subfield code="b">HOK 2007</subfield>
  </datafield>
  <datafield tag="100" ind1=" " ind2=" ">
    <subfield code="a">&#x9B9;&#x9CB;&#x9B8;&#x9C7;&#x9A8;, &#x995;&#x9BE;&#x99C;&#x9C0; &#x9AE;&#x9CB;&#x99C;&#x9BE;&#x9AE;&#x9CD;&#x9AE;&#x9C7;&#x9B2; </subfield>
    <subfield code="9">210954</subfield>
  </datafield>
  <datafield tag="245" ind1=" " ind2=" ">
    <subfield code="a">&#x995;&#x9BE;&#x99C;&#x9C0; &#x9A8;&#x99C;&#x9B0;&#x9C1;&#x9B2; &#x987;&#x9B8;&#x9B2;&#x9BE;&#x9AE; &#x98F;&#x9AC;&#x982; &#x99C;&#x9C0;&#x9AC;&#x9A8;&#x9BE;&#x9A8;&#x9A8;&#x9CD;&#x9A6; &#x9A6;&#x9BE;&#x9B6;&#x9C7;&#x9B0; &#x995;&#x9AC;&#x9BF;&#x9A4;&#x9BE;&#x9AF;&#x9BC; &#x9B0;&#x999;&#x9C7;&#x9B0; &#x9AC;&#x9CD;&#x9AF;&#x9AC;&#x9B9;&#x9BE;&#x9B0;&#x9AC;&#x9C8;&#x99A;&#x9BF;&#x9A4;&#x9CD;&#x9B0;&#x9CD;&#x9AF; /</subfield>
    <subfield code="c">&#x995;&#x9BE;&#x99C;&#x9C0; &#x9AE;&#x9CB;&#x99C;&#x9BE;&#x9AE;&#x9CD;&#x9AE;&#x9C7;&#x9B2; &#x9B9;&#x9CB;&#x9B8;&#x9C7;&#x9A8;</subfield>
  </datafield>
  <datafield tag="260" ind1=" " ind2=" ">
    <subfield code="a">&#x9A2;&#x9BE;&#x995;&#x9BE; :</subfield>
    <subfield code="b">&#x9AC;&#x9BE;&#x982;&#x9B2;&#x9BE; &#x98F;&#x995;&#x9BE;&#x9A1;&#x9C7;&#x9AE;&#x9C0;,</subfield>
    <subfield code="c">&#x9E8;&#x9E6;&#x9E6;&#x9ED;.</subfield>
  </datafield>
  <datafield tag="300" ind1=" " ind2=" ">
    <subfield code="a">[&#x9A4;&#x9C7;&#x9B0;&#x9CB;], &#x9E9;&#x9E7;&#x9E6; &#x9AA;&#x9C3;. ;</subfield>
    <subfield code="c">&#x9E8;&#x9E8; &#x9B8;&#x9C7;&#x9AE;&#x9BF;.</subfield>
  </datafield>
  <datafield tag="500" ind1=" " ind2=" ">
    <subfield code="a">&#x9A8;&#x9BF;&#x9B0;&#x9CD;&#x998;&#x9A8;&#x9CD;&#x99F; &#x9B8;&#x982;&#x9AF;&#x9C1;&#x995;&#x9CD;&#x9A4;.</subfield>
  </datafield>
  <datafield tag="650" ind1=" " ind2=" ">
    <subfield code="a">&#x9AC;&#x9BE;&#x982;&#x9B2;&#x9BE; &#x995;&#x9AC;&#x9BF;&#x9A4;&#x9BE;</subfield>
    <subfield code="v">&#x987;&#x9A4;&#x9BF;&#x9B9;&#x9BE;&#x9B8; &#x98F;&#x9AC;&#x982; &#x9B8;&#x9AE;&#x9BE;&#x9B2;&#x9CB;&#x99A;&#x9A8;&#x9BE;</subfield>
    <subfield code="9">210955</subfield>
  </datafield>
  <datafield tag="650" ind1=" " ind2=" ">
    <subfield code="a">Bengali Poetry</subfield>
    <subfield code="v">History and Criticism</subfield>
    <subfield code="9">117725</subfield>
  </datafield>
  <datafield tag="942" ind1=" " ind2=" ">
    <subfield code="2">ddc</subfield>
    <subfield code="c">BK</subfield>
  </datafield>
  <datafield tag="999" ind1=" " ind2=" ">
    <subfield code="c">71292</subfield>
    <subfield code="d">71292</subfield>
  </datafield>
  <datafield tag="952" ind1=" " ind2=" ">
    <subfield code="0">0</subfield>
    <subfield code="1">0</subfield>
    <subfield code="2">ddc</subfield>
    <subfield code="4">0</subfield>
    <subfield code="7">1</subfield>
    <subfield code="8">NFIC</subfield>
    <subfield code="a">RUCL</subfield>
    <subfield code="b">RUCL</subfield>
    <subfield code="c">Reading</subfield>
    <subfield code="d">2021-12-09</subfield>
    <subfield code="e">Bangla Academi, Dhaka</subfield>
    <subfield code="g">150.00</subfield>
    <subfield code="l">0</subfield>
    <subfield code="o">B 891.44109 HOK 2007</subfield>
    <subfield code="r">2017-04-30 00:00:00</subfield>
    <subfield code="t">C-1</subfield>
    <subfield code="w">2017-04-30</subfield>
    <subfield code="y">BK</subfield>
  </datafield>
</record>
